01953nam a2200301 a 4500008004100000020001800041050001400059100002100073245010600094250001300200260005300213300002200266350001000288500002600298650002500324650002700349650002300376700001700399700002000416995017400436995016300610995017400773995017300947995017301120995017401293995016701467999001701634120220s2009 ||||||||||||||||| || u a9780443068485 aRC 76 Mac aRobertson, Colin10aMacleod's clinical examination. (12th ed.)cedited by Graham Douglas, Fiona Nicol and Colin Robertson a12th ed. aEdinburgh:bChurchill Livingstone/Elsevierc2009 axiii, 476p.: ill. a65.95 aAccompanied by CD-ROM aPHYSICAL EXAMINATION aMEDICAL HISTORY TAKING 0aPHYSICAL DIAGNOSIS aNicol, Fiona aDouglas, Graham aMEDICAL LIBRARY OPEN ACCESSe902621FCBU-SCHOOL OF MEDICINE LIBRARY (Ndola)I65.95jRC 76 MacM5UAVAILABLEWFeb 17, 2015y902621ZMedical Library Open Access Collection aSHORT LOAN BOOKSe902623FCBU-SCHOOL OF MEDICINE LIBRARY (Ndola)I65.95jRC 76 MacM7UAVAILABLEWFeb 17, 2015y902623ZMedical Library Open Access Collection aMEDICAL LIBRARY OPEN ACCESSe902622FCBU-SCHOOL OF MEDICINE LIBRARY (Ndola)I65.95jRC 76 MacM6UAVAILABLEWFeb 17, 2015y902622ZMedical Library Open Access Collection aMEDICAL LIBRARY OPEN ACCESSe902100FCBU-SCHOOL OF MEDICINE LIBRARY (Ndola)I0.00jRC 76 MacM3UAVAILABLEWAug 20, 2013y902100ZMedical Library Open Access Collection aMEDICAL LIBRARY OPEN ACCESSe901553FCBU-SCHOOL OF MEDICINE LIBRARY (Ndola)I0.00jRC 76 MacM1UAVAILABLEWJun 29, 2012y901553ZMedical Library Open Access Collection aMEDICAL LIBRARY OPEN ACCESSe902620FCBU-SCHOOL OF MEDICINE LIBRARY (Ndola)I65.95jRC 76 MacM4UAVAILABLEWFeb 17, 2015y902620ZMedical Library Open Access Collection aMEDICAL LIBRARY OPEN ACCESSe902099FCBU-SCHOOL OF MEDICINE LIBRARY (Ndola)I0.00jRC 76 MacM2UOUTWAug 20, 2013y902099ZMedical Library Open Access Collection c77386d77386